Principles of bioinorganic chemistry / (Record no. 6644)
[ view plain ]
| 000 -LEADER | |
|---|---|
| fixed length control field | 01064pam a2200277 a 4500 |
| 001 - CONTROL NUMBER | |
| control field | 2490056 |
| 003 - CONTROL NUMBER IDENTIFIER | |
| control field | OSt |
| 005 - DATE AND TIME OF LATEST TRANSACTION | |
| control field | 20200218105115.0 |
| 008 - FIXED-LENGTH DATA ELEMENTS--GENERAL INFORMATION | |
| fixed length control field | 920218s1994 caua b 001 0 eng |
| 010 ## - LIBRARY OF CONGRESS CONTROL NUMBER | |
| LC control number | 91067871 |
| 020 ## - INTERNATIONAL STANDARD BOOK NUMBER | |
| International Standard Book Number | 0935702725 (cloth : acidfree paper) : |
| Terms of availability | $40.00 |
| 020 ## - INTERNATIONAL STANDARD BOOK NUMBER | |
| International Standard Book Number | 0935702733 (paper : acidfree paper) : |
| Terms of availability | $30.00 |
| 040 ## - CATALOGING SOURCE | |
| Original cataloging agency | DLC |
| Transcribing agency | DLC |
| Modifying agency | DLC |
| 082 00 - DEWEY DECIMAL CLASSIFICATION NUMBER | |
| Classification number | 572.51 |
| Edition number | 20 |
| Item number | LIP 1994 |
| 100 1# - MAIN ENTRY--PERSONAL NAME | |
| Personal name | Lippard, Stephen J. |
| 9 (RLIN) | 13668 |
| 245 10 - TITLE STATEMENT | |
| Title | Principles of bioinorganic chemistry / |
| Statement of responsibility, etc. | Stephen J. Lippard, Jeremy M. Berg. |
| 246 30 - VARYING FORM OF TITLE | |
| Title proper/short title | Bioinorganic chemistry |
| 260 ## - PUBLICATION, DISTRIBUTION, ETC. (IMPRINT) | |
| Place of publication, distribution, etc. | Mill Valley, Calif. : |
| Name of publisher, distributor, etc. | University Science Books, |
| Date of publication, distribution, etc. | 1994. |
| 300 ## - PHYSICAL DESCRIPTION | |
| Extent | xvii, 411 p. : |
| Other physical details | col.ill ; |
| Dimensions | 26 cm. |
| 504 ## - BIBLIOGRAPHY, ETC. NOTE | |
| Bibliography, etc | Includes bibliographical references and index. |
| 650 #0 - SUBJECT ADDED ENTRY--TOPICAL TERM | |
| Topical term or geographic name as entry element | Bioinorganic chemistry. |
| 9 (RLIN) | 3975 |
| 700 1# - ADDED ENTRY--PERSONAL NAME | |
| Personal name | Berg, Jeremy M. |
| Fuller form of name | (Jeremy Mark), |
| Dates associated with a name | 1958- |
| 9 (RLIN) | 1706 |
| 906 ## - LOCAL DATA ELEMENT F, LDF (RLIN) | |
| a | 7 |
| b | cbc |
| c | orignew |
| d | 3 |
| e | opcn |
| f | 19 |
| g | y-gencatlg |
| 942 ## - ADDED ENTRY ELEMENTS (KOHA) | |
| Source of classification or shelving scheme | Dewey Decimal Classification |
| Koha item type | Open Shelf |
| Withdrawn status | Lost status | Source of classification or shelving scheme | Damaged status | Not for loan | Home library | Current library | Date acquired | Source of acquisition | Inventory number | Total Checkouts | Full call number | Barcode | Date last seen | Price effective from | Koha item type |
|---|---|---|---|---|---|---|---|---|---|---|---|---|---|---|---|
| Dewey Decimal Classification | MUST Main Library | MUST Main Library | 18/02/2020 | Purchase | 2006/28315 | 572.51 LIP 1994 | 2020-0504 | 18/02/2020 | 18/02/2020 | Open Shelf | |||||
| Dewey Decimal Classification | MUST Main Library | MUST Main Library | 25/06/2024 | Purchase | 2004/20872 | 572.51 LIP 1994 | 2024-21169 | 25/06/2024 | 25/06/2024 | Open Shelf |
